000 00446nam a2200169Ia 4500
008 230917s9999||||xx |||||||||||||| ||und||
020 _cRS595
040 _e222207
_aMAIN
041 _aEnglish
082 _a338.4791 D642I
100 _aDixit, Saurabh
245 0 _aInformation technology in tourism
260 _aNew Delhi
_bAPH Publishing
_c2012
300 _a200 p.
500 _a1802 07/01/2015 TB996 16/01/2015 Main Budget
942 _cBK
999 _c13390
_d13390